Countries with the Largest Gold Reserves - Statistics

General Stats
  • This quiz has been taken 53 times
  • The average score is 12 of 15
Answer Stats
Rank Country Reserves % Correct
6 China 2,298.5
100%
5 Russia 2,332.7
98%
1 United States 8,133.5
96%
2 Germany 3,350.2
92%
4 France 2,437
90%
8 India 900
90%
9 Japan 845.9
86%
3 Italy 2,451.8
84%
10 Turkey 634.7
75%
12 Poland 530.2
73%
7 Switzerland 1,039.9
71%
13 Taiwan 422.4
67%
11 Netherlands 612.4
65%
14 Portugal 382.6
57%
15 Uzbekistan 364.5
12%
No matching quizzes found
Score Distribution
Percent of People with Each Score
Percentile by Number Answered
Your Score History
You have not taken this quiz